[Event "4th Int. Chess Festival ad Gredine Open "]
[Site "Ortisei - St. Ulrich"]
[Date "2018.06.24"]
[Round "9"]
[White "Sonis, Francesco"]
[Black "Saric, Ivan"]
[Result "0-1"]
[WhiteElo "2448"]
[BlackElo "2685"]
[PlyCount "86"]
[EventDate "2018.06.16"]

1. d4 Nf6 2. c4 e6 3. Nf3 Bb4+ 4. Bd2 Qe7 5. g3 Bxd2+ 6. Qxd2 Nc6 7. Nc3 d5 8.
Bg2 dxc4 9. O-O O-O 10. e4 e5 11. Nd5 Nxd5 12. exd5 e4 13. dxc6 exf3 14. Bxf3
bxc6 15. Bxc6 Rb8 16. Bd5 Rd8 17. Bxc4 Qf6 18. Qe2 Bb7 19. d5 c6 20. d6 c5 21.
Rfe1 h6 22. Bd3 Qxd6 23. Rad1 Qf6 24. Rd2 Bc6 25. Qd1 c4 26. Be2 Rxd2 27. Qxd2
Rxb2 28. Qe3 c3 29. Rc1 Rxa2 30. Bf1 c2 31. Qd3 g6 32. Bg2 Qb2 33. Qf1 Bxg2 34.
Kxg2 Qb7+ 35. Kg1 Qe4 36. Qb5 Qd4 37. Qe2 Qc3 38. Kg2 Rb2 39. Qe4 a5 40. h4 h5
41. Qa8+ Kg7 42. Qe4 Ra2 43. Qd5 Ra4 0-1

[Event "4th Int. Chess Festival ad Gredine Open "]
[Site "Ortisei - St. Ulrich"]
[Date "2018.06.24"]
[Round "9"]
[White "Pruijssers, Roeland"]
[Black "Praggnanandhaa, R."]
[Result "0-1"]
[WhiteElo "2514"]
[BlackElo "2529"]
[PlyCount "80"]
[EventDate "2018.06.16"]

1. e4 e5 2. Nf3 Nc6 3. Bb5 a6 4. Ba4 Nf6 5. O-O b5 6. Bb3 Bb7 7. c3 Nxe4 8. d4
exd4 9. Re1 d5 10. Ng5 Qf6 11. Bxd5 Qxf2+ 12. Kh1 O-O-O 13. Nxe4 Qf5 14. Bb3
dxc3 15. Qf3 Qxf3 16. gxf3 Ne5 17. Nbxc3 b4 18. Bg5 f6 19. Bf4 bxc3 20. Bxe5
fxe5 21. bxc3 Be7 22. Rab1 Kb8 23. Re2 Ka7 24. Kg2 Rhf8 25. Rd1 Rxd1 26. Bxd1
Rd8 27. Bc2 Bd5 28. Bb3 Bc6 29. Bc2 g6 30. Kg3 a5 31. h4 h6 32. Rh2 Rb8 33. Bb3
a4 34. Bf7 Rb1 35. Rd2 Rg1+ 36. Kh2 Rc1 37. Bxg6 Bxh4 38. Kh3 Be1 39. Rd3 Rc2
40. Re3 Bd7+ 0-1

[Event "4th Int. Chess Festival ad Gredine Open "]
[Site "Ortisei - St. Ulrich"]
[Date "2018.06.24"]
[Round "9"]
[White "Kindermann, Stefan"]
[Black "Vocaturo, Daniele"]
[Result "0-1"]
[WhiteElo "2506"]
[BlackElo "2608"]
[PlyCount "76"]
[EventDate "2018.06.16"]

1. e4 c5 2. d3 Nc6 3. f4 d5 4. Be2 e6 5. Nf3 Bd6 6. O-O Nge7 7. c4 O-O 8. cxd5
exd5 9. Nc3 d4 10. Nb5 Bb8 11. f5 f6 12. Qe1 a6 13. Na3 b5 14. Qh4 Bb7 15. g4
c4 16. g5 cxd3 17. Bd1 Na5 18. gxf6 gxf6 19. Bh6 Kh8 20. Bxf8 Qxf8 21. Rc1 Nec6
22. b3 Ne5 23. Nxe5 Bxe5 24. Nb1 Nc6 25. Nd2 Nb4 26. Nf3 Bd6 27. Nxd4 d2 28.
Rc3 Be5 29. Kh1 Qe7 30. Ne2 Bxc3 31. Nxc3 Nxa2 32. Nd5 Bxd5 33. exd5 Nc3 34.
Bf3 Qe5 35. Qh6 Ne4 36. Qh4 Ng5 37. Bg2 Rg8 38. Qb4 Qe2 0-1

[Event "4th Int. Chess Festival ad Gredine Open "]
[Site "Ortisei - St. Ulrich"]
[Date "2018.06.24"]
[Round "9"]
[White "Vaishali, R."]
[Black "Santos Latasa, Jaime"]
[Result "0-1"]
[WhiteElo "2310"]
[BlackElo "2567"]
[PlyCount "66"]
[EventDate "2018.06.16"]

1. e4 c5 2. Nf3 e6 3. g3 Nc6 4. Bg2 Nf6 5. Qe2 e5 6. c3 Be7 7. O-O O-O 8. d4
cxd4 9. cxd4 d5 10. exd5 Nxd4 11. Nxd4 exd4 12. Qd3 Nxd5 13. Qxd4 Be6 14. Nc3
Bf6 15. Qe4 Nxc3 16. bxc3 Qa5 17. Be3 Bxc3 18. Rac1 b5 19. Qxa8 Rxa8 20. Bxa8
b4 21. Rfd1 h6 22. Be4 f5 23. Bf3 Qxa2 24. Rd8+ Kh7 25. Kg2 a5 26. g4 Qc4 27.
Bd4 Qc7 28. Ra8 Qf4 29. Be3 Qe5 30. gxf5 Bd5 31. Ra7 Qxf5 32. Bxd5 Qxd5+ 33.
Kg1 b3 0-1

[Event "4th Int. Chess Festival ad Gredine Open "]
[Site "Ortisei - St. Ulrich"]
[Date "2018.06.24"]
[Round "9"]
[White "Kveinys, Aloyzas"]
[Black "Fischer, Daniel"]
[Result "1-0"]
[WhiteElo "2519"]
[BlackElo "2263"]
[PlyCount "88"]
[EventDate "2018.06.16"]

1. d4 Nf6 2. Bg5 d5 3. Bxf6 exf6 4. e3 Bd6 5. g3 O-O 6. Bg2 c6 7. Nd2 f5 8. Ne2
Nd7 9. O-O Nf6 10. c4 dxc4 11. Nxc4 Bc7 12. Qc2 Re8 13. Rfd1 Qe7 14. Rac1 g6
15. Nc3 Be6 16. Nd2 Rad8 17. b4 Bb8 18. a3 h5 19. Nf3 Kg7 20. Qb2 Bd5 21. b5
cxb5 22. Qxb5 Bc6 23. Qb3 Nd5 24. Nh4 Nxc3 25. Rxc3 Be4 26. a4 Bd6 27. Rdc1 Qd7
28. Qb5 Re7 29. Rb3 b6 30. Rbc3 Kg8 31. Bxe4 fxe4 32. Rc6 Rb8 33. Qd5 Re6 34.
f4 exf3 35. Nxf3 Rd8 36. Ng5 Rf6 37. Ne4 Re6 38. Ng5 Rf6 39. Rf1 Rxf1+ 40. Kxf1
Qe7 41. Ne4 Bxg3 42. Rxg6+ Kf8 43. Qf5 Bxh2 44. Ng5 Bd6 1-0

[Event "4th Int. Chess Festival ad Gredine Open "]
[Site "Ortisei - St. Ulrich"]
[Date "2018.06.24"]
[Round "9"]
[White "Gholami, Aryan"]
[Black "Kumar, Nikhil"]
[Result "1-0"]
[WhiteElo "2490"]
[BlackElo "2286"]
[PlyCount "79"]
[EventDate "2018.06.16"]

1. d4 Nf6 2. Bf4 b6 3. e3 Bb7 4. Nf3 g6 5. Nbd2 Bg7 6. h3 d6 7. Bd3 Nbd7 8. Bh2
O-O 9. O-O Re8 10. e4 e5 11. d5 Nc5 12. Bb5 Rf8 13. Re1 Ne8 14. b4 Nd7 15. c4
f5 16. Qa4 Rf7 17. h4 a6 18. Bc6 Bxc6 19. dxc6 Nf8 20. Ng5 Re7 21. Qb3 Bf6 22.
c5+ Kg7 23. exf5 gxf5 24. cxb6 cxb6 25. Nc4 h6 26. Ne3 Qc8 27. Nd5 hxg5 28.
hxg5 Bxg5 29. Qg3 Kh6 30. f4 Bf6 31. Nxf6 Nxf6 32. Qg5+ Kh7 33. fxe5 dxe5 34.
Bxe5 Ng8 35. Re3 Qe6 36. Rh3+ Nh6 37. Rxh6+ Qxh6 38. Qxe7+ Kg8 39. Re1 Nh7 40.
c7 1-0

[Event "4th Int. Chess Festival ad Gredine Open "]
[Site "Ortisei - St. Ulrich"]
[Date "2018.06.24"]
[Round "9"]
[White "Molina, Fabrizio"]
[Black "Borgo, Giulio"]
[Result "0-1"]
[WhiteElo "2212"]
[BlackElo "2397"]
[PlyCount "86"]
[EventDate "2018.06.16"]

1. d4 d5 2. Bf4 Nf6 3. e3 e6 4. Nd2 Bd6 5. Bg3 O-O 6. Ngf3 c5 7. c3 Qc7 8. Ne5
c4 9. f4 Nbd7 10. Bh4 Ne8 11. b3 b5 12. Be2 Nb6 13. O-O f6 14. Ng4 Bd7 15. Qc2
a5 16. bxc4 bxc4 17. Bg3 Ba4 18. Qc1 Qe7 19. Rb1 Rb8 20. Qe1 Bc7 21. e4 f5 22.
exf5 exf5 23. Ne5 Qa3 24. Qc1 Qxc1 25. Rfxc1 Nd6 26. Bh4 Rfe8 27. Bh5 g6 28.
Bd1 Bxd1 29. Rxd1 Na4 30. Rxb8 Rxb8 31. Nd7 Nxc3 32. Re1 Rb2 33. Re7 Nce4 34.
Nxe4 Rb1+ 35. Kf2 Nxe4+ 36. Ke3 Bd6 37. Re8+ Kf7 38. Rc8 Ke6 39. Ne5 Rb8 40.
Rc6 a4 41. Ra6 a3 42. Nc6 Rc8 43. Be1 c3 0-1

[Event "4th Int. Chess Festival ad Gredine Open "]
[Site "Ortisei - St. Ulrich"]
[Date "2018.06.24"]
[Round "9"]
[White "Jaracz, Pawel"]
[Black "Podetti, Davide"]
[Result "1/2-1/2"]
[WhiteElo "2467"]
[BlackElo "2186"]
[PlyCount "59"]
[EventDate "2018.06.16"]

1. d4 Nf6 2. c4 e6 3. Nf3 b6 4. a3 Bb7 5. Nc3 d5 6. Bg5 Be7 7. Bxf6 Bxf6 8.
cxd5 exd5 9. Qa4+ c6 10. g3 O-O 11. Bg2 Nd7 12. O-O Re8 13. Rfd1 Qe7 14. e3 g6
15. Rac1 Bg7 16. Bf1 Qd6 17. Ba6 Rab8 18. Bxb7 Rxb7 19. Qa6 Rc7 20. Rc2 Nb8 21.
Qa4 Bf6 22. b4 h5 23. Qb3 a6 24. a4 b5 25. Ne2 h4 26. Rdc1 Kg7 27. Nf4 Rce7 28.
Rc5 hxg3 29. hxg3 Rh8 30. Kf1 1/2-1/2

[Event "4th Int. Chess Festival ad Gredine Open "]
[Site "Ortisei - St. Ulrich"]
[Date "2018.06.24"]
[Round "9"]
[White "Solomon, Kenny"]
[Black "Colombo, Roberto"]
[Result "1-0"]
[WhiteElo "2419"]
[BlackElo "2125"]
[PlyCount "103"]
[EventDate "2018.06.16"]

1. d4 Nf6 2. c4 c5 3. d5 b5 4. cxb5 a6 5. bxa6 g6 6. Nc3 Bg7 7. g3 O-O 8. Bg2
d6 9. Nf3 Bxa6 10. O-O Nbd7 11. Rb1 Qc7 12. b3 Rfb8 13. Bb2 Qa5 14. Qc2 Nb6 15.
Rfd1 Bb7 16. e4 Nfd7 17. h4 Ne5 18. h5 Nxf3+ 19. Bxf3 c4 20. Qd2 cxb3 21. axb3
Nd7 22. Na4 Qxd2 23. Rxd2 Ba6 24. hxg6 hxg6 25. Bxg7 Kxg7 26. Bd1 Rb4 27. Bc2
Rab8 28. Ra1 Bb5 29. Nc3 Nc5 30. Ra7 Kf6 31. Rd1 Be8 32. Na2 R4b6 33. Nc1 Rb4
34. Nd3 R4b5 35. Nc1 Rb4 36. Nd3 R4b5 37. Nxc5 Rxc5 38. Rd2 Rb4 39. f3 e6 40.
Ra6 Ke7 41. dxe6 fxe6 42. Bd1 d5 43. e5 d4 44. Ra7+ Bd7 45. f4 g5 46. Rh2 Rc1
47. Rh7+ Ke8 48. Kf2 g4 49. Bxg4 Rxb3 50. Bh5+ Kf8 51. Rf7+ Kg8 52. Rfxd7 1-0